<?xml version="1.0" encoding="UTF-8"?>
<record
    xmlns:xsi="http://www.w3.org/2001/XMLSchema-instance"
    xsi:schemaLocation="http://www.loc.gov/MARC21/slim http://www.loc.gov/standards/marcxml/schema/MARC21slim.xsd"
    xmlns="http://www.loc.gov/MARC21/slim">

  <leader>01026aab a2200193 i 4500</leader>
  <controlfield tag="001">768714001</controlfield>
  <controlfield tag="003">CO-MdFUSB</controlfield>
  <controlfield tag="005">20240618062717.0</controlfield>
  <controlfield tag="008">240404t1989    ag ||||| |||| 00| 0 spa d</controlfield>
  <datafield tag="040" ind1=" " ind2=" ">
    <subfield code="b">spa</subfield>
    <subfield code="c">CO-MdFUSB</subfield>
  </datafield>
  <datafield tag="041" ind1=" " ind2=" ">
    <subfield code="a">spa</subfield>
  </datafield>
  <datafield tag="100" ind1="1" ind2=" ">
    <subfield code="a">Breneman, Mervin (1930-)</subfield>
    <subfield code="e">autor</subfield>
  </datafield>
  <datafield tag="245" ind1="1" ind2="4">
    <subfield code="a">Los profetas y la ciudad</subfield>
    <subfield code="c">/ Mervin Breneman</subfield>
  </datafield>
  <datafield tag="300" ind1=" " ind2=" ">
    <subfield code="a">Volumen 8, n&#xFA;mero 4 (diciembre, 1989), p&#xE1;ginas: 21 - 24</subfield>
    <subfield code="c">; 27 cm</subfield>
  </datafield>
  <datafield tag="520" ind1=" " ind2=" ">
    <subfield code="a">Es f&#xE1;cil hablar contra la injusticia y se&#xF1;alar a los m&#xE1;s ricos como culpables. Pero los profetas como Isa&#xED;as y Am&#xF3;s tuvieron que mostrar a los "buenos israelitas", "buenos creyentes", que &#xE9;stos eran culpables de quebrantar indirectamente los mandamientos "no matar&#xE1;s" y "no hurtar&#xE1;s" por sus decisiones econ&#xF3;micas. Quiz&#xE1; hac&#xED;an todo "legalmente" pero estaban oprimiendo a sus propios hermanos israelitas.</subfield>
  </datafield>
  <datafield tag="650" ind1=" " ind2="0">
    <subfield code="a">Misiones</subfield>
    <subfield code="9">154</subfield>
  </datafield>
  <datafield tag="773" ind1="0" ind2=" ">
    <subfield code="t">Iglesia y Misi&#xF3;n</subfield>
    <subfield code="0">49402</subfield>
    <subfield code="9">59672</subfield>
    <subfield code="g">Volumen 8, n&#xFA;mero 4 (diciembre, 1989), p&#xE1;ginas: 21 - 24</subfield>
    <subfield code="q">p&#xE1;ginas: 21</subfield>
  </datafield>
  <datafield tag="942" ind1=" " ind2=" ">
    <subfield code="c">ANA</subfield>
  </datafield>
  <datafield tag="999" ind1=" " ind2=" ">
    <subfield code="c">51856</subfield>
    <subfield code="d">51856</subfield>
  </datafield>
</record>
